Welcome to the Holygrace Academy Library

Please use search bar below to get started

CORE CHEMISTRY (Record no. 704)

MARC details
000 -LEADER
fixed length control field 00316nam a22001337a 4500
020 ## - INTERNATIONAL STANDARD BOOK NUMBER
ISBN 978-93-5027-102-5
082 ## - DEWEY DECIMAL CLASSIFICATION NUMBER
Classification number 540
Item number MIS/C
100 ## - MAIN ENTRY--AUTHOR NAME
Personal name A MISHRA, N OJHA, A S SAHAY
245 ## - TITLE STATEMENT
Title CORE CHEMISTRY
260 ## - PUBLICATION, DISTRIBUTION, ETC. (IMPRINT)
Place of publication DELHI
Name of publisher BHARATI BHAWAN
Year of publication 2014
300 ## - PHYSICAL DESCRIPTION
Number of Pages 885
650 ## - SUBJECT ADDED ENTRY--TOPICAL TERM
Topical Term CHEMISTRY FOR CLASS XI
Geographic subdivision INDIA
942 ## - ADDED ENTRY ELEMENTS (KOHA)
Koha item type Books
Holdings
Withdrawn status Lost status Collection code Home library Current library Shelving location Date acquired Source of acquisition Cost, normal purchase price Full call number Accession Number Koha item type
    Reference Main Library Main Library SHELF-11 D PLUS ONE-CHEMISTRY 24/10/2019 purchase 575.00 540 MIS/C 11641 Books